A text-book of surgical principles and surgical diseases of the face, mouth, jaws, (Record no. 1497)

MARC details
000 -LEADER
fixed length control field 01100cam a22003371 4500
001 - CONTROL NUMBER
control field data
005 - DATE AND TIME OF LATEST TRANSACTION
control field 20260322212103.0
008 - FIXED-LENGTH DATA ELEMENTS--GENERAL INFORMATION
fixed length control field data
035 ## - SYSTEM CONTROL NUMBER
System control number 6322369
010 ## - LIBRARY OF CONGRESS CONTROL NUMBER
LC control number 02022315
035 ## - SYSTEM CONTROL NUMBER
-- (DLC) 02022315
035 ## - SYSTEM CONTROL NUMBER
System control number (OCoLC)6820086
040 ## - CATALOGING SOURCE
Original cataloging agency DLC
Transcribing agency OClW-H
Modifying agency DLC
-- OCoLC
-- DLC
042 ## - AUTHENTICATION CODE
Authentication code premarc
050 00 - LIBRARY OF CONGRESS CALL NUMBER
Classification number RD523
Item number .G76
100 1# - MAIN ENTRY--PERSONAL NAME
Personal name Grant, Henry Horace,
Dates associated with a name 1853-
245 02 - TITLE STATEMENT
Title A text-book of surgical principles and surgical diseases of the face, mouth, jaws,
Remainder of title for dental students,
Statement of responsibility, etc. by H. Horace Grant.
260 ## - PUBLICATION, DISTRIBUTION, ETC.
Place of publication, distribution, etc. Philadelphia and London,
Name of publisher, distributor, etc. W. B. Saunders & company,
Date of publication, distribution, etc. 1902.
300 ## - PHYSICAL DESCRIPTION
Extent 1 p. l., 5-231 p.
Other physical details illus., pl.
Dimensions 24 cm.
336 ## - CONTENT TYPE
Content type term text
Content type code txt
Source rdacontent
337 ## - MEDIA TYPE
Media type term unmediated
Media type code n
Source rdamedia
338 ## - CARRIER TYPE
Carrier type term volume
Carrier type code nc
Source rdacarrier
650 #0 - SUBJECT ADDED ENTRY--TOPICAL TERM
Topical term or geographic name entry element Surgery.
650 #0 - SUBJECT ADDED ENTRY--TOPICAL TERM
Topical term or geographic name entry element Mouth
General subdivision Surgery.
650 #0 - SUBJECT ADDED ENTRY--TOPICAL TERM
Topical term or geographic name entry element Jaws
General subdivision Surgery.
650 #0 - SUBJECT ADDED ENTRY--TOPICAL TERM
Topical term or geographic name entry element Face
General subdivision Surgery.
906 ## - LOCAL DATA ELEMENT F, LDF (RLIN)
a 7
b cbc
c oclcrpl
d u
e ncip
f 19
g y-gencatlg
985 ## -
-- OCLC REPLACEMENT cdsdistr
991 ## -
-- c-GenColl
-- RD523
-- .G76
-- Copy 1
-- OCLCREP
Holdings
Withdrawn status Lost status Damaged status Not for loan Home library Current library Shelving location Date acquired Total checkouts Full call number Barcode Date last seen Price effective from Koha item type
        Riverside Riverside General stacks 22/03/2026   RD523 LOC-RPL-00044 22/03/2026 22/03/2026 Books